L'Étrange Noël de monsieur Jack - Quiz - Statistiques

Statistiques générales
  • Ce quiz a été pris 1 393 fois
    581 depuis la dernière actualisation
  • Le résultat moyen est 9 sur 20
Statistiques - réponses
Indice Réponse % Correct
Personnage principal du film Jack Skellington
100%
Poupée de chiffon amoureuse de #1 Sally
74%
Personnage dont #1 veut prendre la place Le Père Noël
71%
Scénariste et producteur Tim Burton
69%
Ville où il habite Ville de Halloween
67%
Nom de son chien Zéro
65%
Les portes pour accéder aux villes des Fêtes se situent sur des... Arbres
64%
Grand méchant de l'histoire Oogie Boogie
52%
De quoi ses entrailles sont constituées D'insectes
50%
Titre donné à ce personnage par les habitants Le Roi des {Citrouilles}
44%
Année de sortie (États-Unis) 1993
36%
Les 3 enfants malicieux qui le kidnappent Am
35%
Les 3 enfants malicieux qui le kidnappent Gram
35%
Surnom, donné par erreur, à ce personnage Le Perce-Oreilles
35%
Les 3 enfants malicieux qui le kidnappent Stram
35%
Technique d'animation Animation en volume
33%
Compositeur de la bande originale Danny Elfman
26%
Réalisateur Henry Selick
16%
Savant fou, "Père" de cette poupée Docteur Finkelstein
10%
Autre film d'animation dans lequel #1 fait une apparition en tantque capitaine d'un bateau pirate James et la Pêche géante
7%
Aucun quiz correspondant
Distribution des résultats
% des personnes avec chaque résultat
Percentile par nombre de réponses
Votre historique - résultats
Vous n’avez pas pris ce quiz depuis la dernière actualisation